000 00548cab a2200217 4500
001 X2047
008 090401t1995 xxu||||| |||| 00| 0 eng d
035 _a(Sirsi) u21445
041 _aeng
245 _aTermination of tenancies
260 _c1995
350 _a0
490 _aCSM (Chartered Surveyor Monthly)
_v4(5) March 1995, 4(1)
650 _aDRAFT BILL
650 _aLAW COMMISSION
650 _aRICS RESPONSE
650 _aTERMINATION OF TENANCIES
690 _aPROPERTY-LANDLORD AND TENANT
942 _n0
948 _c04/03/1997
999 _c14396
_d14396